000 00283nam a22001217a 4500
008 170831b xxu||||| |||| 00| 0 eng d
041 _aeng
080 _27 ED
_a070
100 _a40
101 _aMED
245 _aNEWS REPORTING AND WRITING
_cBROOKS .B.S
942 _2udc
_cBK
999 _c25835
_d25835